[Event "50smm B Kaltern/Tramin2-Groeden2"]
[Site "?"]
[Date "2019.02.23"]
[Round "8.4"]
[White "Sanin, Wilfried"]
[Black "Kasslatter, Matthias"]
[Result "1/2-1/2"]
[WhiteElo "1522"]
[BlackElo "1416"]
[PlyCount "99"]
[EventDate "2019.02.23"]
[SourceDate "2018.11.11"]

1. d4 d5 2. Bf4 Nf6 3. e3 e6 4. Bd3 Be7 5. c3 O-O 6. h3 h6 7. Nf3 c5 8. dxc5
Bxc5 9. O-O Nc6 10. Nbd2 Re8 11. Ne5 Nxe5 12. Bxe5 Bd6 13. Bxd6 Qxd6 14. Nb3 b6
15. Nd4 a6 16. Ne2 e5 17. Ng3 e4 18. Be2 b5 19. a3 Qc7 20. Nh5 Nxh5 21. Bxh5
Qe5 22. Bg4 Bxg4 23. Qxg4 Re6 24. Rad1 Rd8 25. Rd2 Rg6 26. Qh4 Rdd6 27. Rfd1
Rg5 28. Qf4 Qe6 29. Kh1 Qg6 30. Rg1 Rf5 31. Qh4 Rdf6 32. g4 Rf3 33. Rg2 Qg5 34.
Qxg5 Rxh3+ 35. Kg1 hxg5 36. Rxd5 Rfh6 37. Kf1 Rf6 38. Rxg5 Rxe3 39. Rd5 Ref3
40. Ke2 g6 41. Re5 R6f4 42. Rxe4 Rxf2+ 43. Rxf2 Rxe4+ 44. Kf3 Re6 45. Rd2 Kg7
46. Kf4 Rc6 47. Rd4 Kf6 48. g5+ Ke6 49. Re4+ Kd7 50. Rd4+ 1/2-1/2

[Event "50smm B Kaltern/Tramin2-Groeden2"]
[Site "?"]
[Date "2019.02.23"]
[Round "8.5"]
[White "Delago, Elisabeth"]
[Black "Enderle, Helmut"]
[Result "1/2-1/2"]
[WhiteElo "1536"]
[BlackElo "1468"]
[PlyCount "91"]
[EventDate "2019.02.23"]
[SourceDate "2018.11.11"]

1. c4 e5 2. g3 Nf6 3. Bg2 Bc5 4. Nf3 c6 5. d3 d6 6. Nc3 O-O 7. O-O h6 8. b3 Bg4
9. Bb2 Na6 10. a3 Nc7 11. Na4 Bb6 12. Nxb6 axb6 13. Nd2 Re8 14. Qe1 d5 15. cxd5
Ncxd5 16. h3 Bc8 17. Kh2 b5 18. Qd1 Qd6 19. Qc2 Qe6 20. e4 Nb6 21. Nf3 Nfd7 22.
d4 f6 23. Rfd1 exd4 24. Nxd4 Qf7 25. Rd2 Ne5 26. Rad1 Be6 27. f4 Bg4 28. fxe5
Bxd1 29. Qxd1 fxe5 30. Nf3 Qc7 31. Nxe5 Rad8 32. Rxd8 Rxd8 33. Qe2 Re8 34. Qf2
c5 35. Qe2 c4 36. bxc4 bxc4 37. Bd4 Rxe5 38. Bxe5 Qxe5 39. Qc2 Qd4 40. Bf1 c3
41. Bd3 Na4 42. e5 Nb2 43. Qb3+ Kh8 44. Bc2 Qxe5 45. Kg2 Qd4 46. Kf3 1/2-1/2

[Event "50smm A Kaltern/Tramin-Deutschnofen"]
[Site "?"]
[Date "2019.02.23"]
[Round "8.1"]
[White "Bertagnolli, Alexander"]
[Black "Micheli, Carlo"]
[Result "1/2-1/2"]
[WhiteElo "2365"]
[BlackElo "2218"]
[PlyCount "51"]
[EventDate "2019.02.30"]
[SourceDate "2018.11.11"]

1. e4 d5 2. exd5 Qxd5 3. Nc3 Qd6 4. d4 Nf6 5. Nf3 a6 6. Ne5 Nc6 7. Nxc6 Qxc6 8.
Bf4 Bf5 9. d5 Qb6 10. Qd2 e6 11. O-O-O Bb4 12. dxe6 Bxe6 13. Qd4 Qxd4 14. Rxd4
Bxc3 15. bxc3 Nd5 16. Bd2 O-O-O 17. Bc4 c5 18. Re4 b5 19. Bxd5 Rxd5 20. c4 bxc4
21. Bc3 Rg5 22. Rg1 Rg8 23. Re5 Rxe5 24. Bxe5 f6 25. Bd6 Rd8 26. Rd1 1/2-1/2

[Event "50smm A Kaltern/Tramin-Deutschnofen"]
[Site "?"]
[Date "2019.02.23"]
[Round "8.1"]
[White "Manca, Federico"]
[Black "Barp, Alberto"]
[Result "1/2-1/2"]
[WhiteElo "2407"]
[BlackElo "2402"]
[PlyCount "86"]
[EventDate "2019.02.30"]
[SourceDate "2018.11.11"]

1. e4 e5 2. Nf3 Nc6 3. Bc4 Bc5 4. c3 Nf6 5. d4 exd4 6. cxd4 Bb4+ 7. Nbd2 Bxd2+
8. Bxd2 Nxe4 9. d5 Ne7 10. Bc1 O-O 11. Bd3 Nf6 12. d6 cxd6 13. O-O d5 14. b3 d6
15. Bb2 Ng6 16. Bxg6 hxg6 17. Bxf6 Qxf6 18. Qxd5 Qe6 19. Rad1 Qxd5 20. Rxd5 Rd8
21. Rfd1 Be6 22. Rxd6 Rxd6 23. Rxd6 a5 24. Nd4 a4 25. h3 axb3 26. axb3 Ra6 27.
Rxa6 bxa6 28. Nxe6 fxe6 29. f4 Kf7 30. Kf2 Ke7 31. Ke3 Kd6 32. Kd4 a5 33. g4
Kc6 34. Kc4 Kb6 35. h4 Kc6 36. Kd4 Kb5 37. Kc3 Kc5 38. Kd3 Kd5 39. Ke3 Kc5 40.
Kd3 Kb5 41. Kc3 Kc5 42. Kd3 Kd5 43. Ke3 Kc5 1/2-1/2

[Event "50smm A Kaltern/Tramin-Deutschnofen"]
[Site "?"]
[Date "2019.02.23"]
[Round "8.1"]
[White "Panjkovic, Aleksandar"]
[Black "Thurner, Markus"]
[Result "1-0"]
[WhiteElo "2064"]
[BlackElo "1913"]
[PlyCount "89"]
[EventDate "2019.02.30"]
[SourceDate "2018.11.11"]

1. Nf3 e6 2. d3 d5 3. c3 Nf6 4. Bg5 c5 5. Nbd2 Nc6 6. e4 Be7 7. Be2 O-O 8. Qc2
b5 9. a4 b4 10. O-O Bb7 11. Rfe1 Rc8 12. Bf1 h6 13. Bh4 Re8 14. Nb3 Na5 15.
exd5 Bxd5 16. Nxa5 Qxa5 17. Ne5 Qc7 18. Qe2 Nd7 19. Bg3 Nxe5 20. Bxe5 Bd6 21.
Bxd6 Qxd6 22. Qg4 e5 23. Re3 f6 24. Rg3 Rc7 25. Qg6 Kf8 26. Re1 Qd7 27. Be2 Qf7
28. Qg4 f5 29. Qh4 Qe7 30. Qh5 f4 31. Rg6 Bf7 32. Qf5 Kg8 33. Ra6 bxc3 34. bxc3
Qd7 35. Qxd7 Rxd7 36. Rc6 e4 37. dxe4 Rxe4 38. f3 Rxa4 39. Rc8+ Kh7 40. Bb5 Ra3
41. Bxd7 Rxc3 42. Bf5+ g6 43. Be6 Bxe6 44. Rxe6 g5 45. Rc7+ 1-0

[Event "50smm A Kaltern/Tramin-Deutschnofen"]
[Site "?"]
[Date "2019.02.23"]
[Round "8.1"]
[White "Seresin, Francesco"]
[Black "Dappiano, Andrea"]
[Result "1/2-1/2"]
[WhiteElo "2277"]
[BlackElo "2274"]
[PlyCount "107"]
[EventDate "2019.02.30"]
[SourceDate "2018.11.11"]

1. d4 e6 2. e4 d5 3. Nc3 Nf6 4. e5 Nfd7 5. f4 c5 6. Nf3 Nc6 7. Be3 a6 8. Qd2 b5
9. Be2 Qb6 10. O-O cxd4 11. Nxd4 Bc5 12. Rad1 O-O 13. Bf3 Nxd4 14. Bxd4 Bb7 15.
Ne2 b4 16. Kh1 a5 17. f5 exf5 18. Qf4 Rae8 19. c3 Bxd4 20. cxd4 g6 21. Ng3 f6
22. Rfe1 Qe6 23. Qc1 fxe5 24. Qc7 Qc6 25. Rc1 Qxc7 26. Rxc7 exd4 27. Rd1 Bc8
28. Bxd5+ Kh8 29. Bc6 Rd8 30. Rxd4 Ne5 31. Rxd8 Rxd8 32. h3 Nxc6 33. Rxc6 Bb7
34. Rc7 Rd1+ 35. Kh2 Bd5 36. Ne2 Bxa2 37. Ra7 Rd2 38. Nf4 Rxb2 39. Rxa5 Bf7 40.
Nd3 Ra2 41. Rxa2 Bxa2 42. Nxb4 Bc4 43. h4 f4 44. g3 fxg3+ 45. Kxg3 Kg7 46. Nc2
Kf6 47. Ne3 Be6 48. Kf4 h6 49. Nf1 g5+ 50. hxg5+ hxg5+ 51. Kg3 Kf5 52. Nh2 Bd5
53. Ng4 Bg2 54. Ne3+ 1/2-1/2

[Event "50smm A Kaltern/Tramin-Deutschnofen"]
[Site "?"]
[Date "2019.02.23"]
[Round "8.1"]
[White "Tonino, Filippo"]
[Black "Zucchelli, Massimo"]
[Result "0-1"]
[WhiteElo "1976"]
[BlackElo "2152"]
[PlyCount "134"]
[EventDate "2019.02.30"]
[SourceDate "2018.11.11"]

1. e4 e6 2. Nc3 d5 3. Nf3 Nf6 4. e5 Nfd7 5. d4 c5 6. dxc5 Bxc5 7. Bd3 Nc6 8.
Bf4 f6 9. exf6 Nxf6 10. Qe2 O-O 11. O-O-O a6 12. Ne5 Bd6 13. Bg3 Qc7 14. Nxc6
bxc6 15. Bxd6 Qxd6 16. g4 Qf4+ 17. Kb1 Nxg4 18. Rhg1 e5 19. f3 Qxf3 20. Qd2 Qf4
21. Qg2 Qxh2 22. Qxh2 Nxh2 23. Rh1 e4 24. Nxe4 dxe4 25. Bc4+ Kh8 26. Rxh2 Bg4
27. Rdh1 h6 28. b3 a5 29. Rg1 Bf3 30. Re1 a4 31. Re3 a3 32. Rf2 g5 33. Kc1 g4
34. Rf1 Kg7 35. Kd2 Kg6 36. Be6 Rad8+ 37. Kc3 Kg5 38. Kb4 g3 39. Rg1 Kf4 40.
Rc3 g2 41. Bh3 Rg8 42. Rxc6 Kg3 43. Bxg2 Bxg2 44. Rxh6 e3 45. Rf6 e2 46. Re1
Rge8 47. Kxa3 Rd1 48. Rxe2 Rxe2 49. Rg6+ Kf4 50. c4 Ke5 51. Rg8 Rdd2 52. Kb4
Rxa2 53. Kc5 Ke6 54. b4 Kd7 55. b5 Re5+ 56. Kb6 Re6+ 57. Kc5 Bf1 58. Rg7+ Re7
59. Rg1 Rf2 60. Rg4 Kc7 61. Kb4 Ref7 62. Rg6 R2f6 63. Rg8 Rf4 64. Ka5 Bxc4 65.
b6+ Kb7 66. Re8 R7f5+ 67. Kb4 Bf7+ 0-1

[Event "50smm A Kaltern/Tramin-Deutschnofen"]
[Site "?"]
[Date "2019.02.23"]
[Round "8.1"]
[White "Zamengo, Fulvio"]
[Black "Paltrinieri, Nicholas"]
[Result "1/2-1/2"]
[WhiteElo "2309"]
[BlackElo "2245"]
[PlyCount "102"]
[EventDate "2019.02.30"]
[SourceDate "2018.11.11"]

1. e4 e6 2. d4 d5 3. Nc3 Bb4 4. e5 c5 5. a3 Bxc3+ 6. bxc3 Ne7 7. Qg4 Qc7 8. Bd3
cxd4 9. Ne2 dxc3 10. Qxg7 Rg8 11. Qxh7 Qxe5 12. h4 Nbc6 13. Bf4 Qf6 14. Bg5 Qe5
15. f4 Qd6 16. h5 Bd7 17. h6 O-O-O 18. Qxf7 Rdf8 19. Qh5 e5 20. h7 Rh8 21. Bh6
Rf5 22. Bxf5 Nxf5 23. fxe5 Qxe5 24. g4 Ncd4 25. gxf5 Rxh7 26. Qg4 Nxc2+ 27. Kf2
Rxh6 28. Rxh6 Qe3+ 29. Kg2 Qxh6 30. Qg8+ Kc7 31. Qg3+ Kc8 32. Rh1 Qf6 33. Nxc3
Bc6 34. Rh7 d4+ 35. Kg1 Qd8 36. Nd1 d3 37. f6 Nd4 38. Qh3+ Bd7 39. Qxd3 Qxf6
40. Qc3+ Kd8 41. Qa5+ b6 42. Rxd7+ Kxd7 43. Qxa7+ Kc6 44. Qa8+ Kc7 45. Qa7+ Kc6
46. Qa4+ Kc7 47. Qc4+ Nc6 48. Qb3 Qf4 49. Ne3 Qg3+ 50. Kf1 Qf3+ 51. Ke1 Qe2+
1/2-1/2